MARC details
| 000 -LEADER |
| fixed length control field |
03008nam a22003737a 4500 |
| 001 - CONTROL NUMBER |
| control field |
105963 |
| 003 - CONTROL NUMBER IDENTIFIER |
| control field |
KnowledgeUnlatched |
| 005 - DATE AND TIME OF LATEST TRANSACTION |
| control field |
20210303104935.0 |
| 006 - FIXED-LENGTH DATA ELEMENTS--ADDITIONAL MATERIAL CHARACTERISTICS |
| fixed length control field |
m o d |
| 007 - PHYSICAL DESCRIPTION FIXED FIELD--GENERAL INFORMATION |
| fixed length control field |
cr u|||||||||| |
| 008 - FIXED-LENGTH DATA ELEMENTS--GENERAL INFORMATION |
| fixed length control field |
210129p20202020xx o u00| u ger d |
| 037 ## - SOURCE OF ACQUISITION |
| Institution to which field applies |
BiblioBoard |
| 020 ## - INTERNATIONAL STANDARD BOOK NUMBER |
| International Standard Book Number |
9783737010986 |
| 024 8# - OTHER STANDARD IDENTIFIER |
| Standard number or code |
https://doi.org/10.14220/9783737010986 |
| 029 1# - OTHER SYSTEM CONTROL NUMBER (OCLC) |
| OCLC library identifier |
https://library.biblioboard.com/ext/api/media/2cc0a1ed-f684-4cb0-a849-4513fad627a7/assets/thumbnail.jpg |
| 040 ## - CATALOGING SOURCE |
| Original cataloging agency |
ScCtBLL |
| Transcribing agency |
ScCtBLL |
| 245 00 - TITLE STATEMENT |
| Title |
Menschen im Aufbruch |
| Remainder of title |
Universitätsbibliothek und Archiv der Universität Wien im Selbstverständnis ihrer Mitarbeiter_innen / |
| Statement of responsibility, etc. |
Stefan Alker-Windbichler, Claudia Feigl. |
| 264 #1 - PRODUCTION, PUBLICATION, DISTRIBUTION, MANUFACTURE, AND COPYRIGHT NOTICE |
| Name of producer, publisher, distributor, manufacturer |
Vandenhoeck & Ruprecht, |
| 300 ## - PHYSICAL DESCRIPTION |
| Extent |
1 online resource (1 p.) |
| 506 0# - RESTRICTIONS ON ACCESS NOTE |
| Terms governing access |
Access copy available to the general public. |
| Standardized terminology for access restriction |
Unrestricted |
| Source of term |
star |
| 520 ## - SUMMARY, ETC. |
| Summary, etc. |
Die Universitätsbibliothek Wien ist der Dreh- und Angelpunkt wissenschaftlicher Informationsversorgung an der Universität Wien. Die Festschrift für Maria »Mia« Seissl erscheint anlässlich ihres runden Geburtstages sowie des 15-jährigen Jubiläums, das sie als Leiterin der Universitätsbibliothek feiert. Die Mitarbeiter_innen der Bibliothek, die sich in dem von Maria Seissl maßgeblich gestalteten Umfeld als »Menschen im Aufbruch« begreifen, beschreiben und analysieren in ihren Beiträgen die Entwicklung der Universitätsbibliothek Wien in einer Periode historischer Umbrüche: Zu Beginn des 21. Jahrhunderts galt es, den Wandel von einer staatlichen Institution zu einer universitären Dienstleistungseinrichtung zu gestalten. Gleichzeitig wurden auch die Herausforderungen des »digital turn« angenommen. The Vienna University Library is the knowledge hub of Vienna University. The festschrift for Maria "Mia" Seissl is published on the occasion of her significant birthday and her 15th anniversary as head librarian. In their contributions the staff members of the library describe and analyse the development of the Vienna University Library in a period of historical transitions: at the beginning of the 21st century the library had to be transformed from a public institution into an academic service institution. At the same time, they also had to deal with the challenges of the "digital turn". |
| 588 0# - SOURCE OF DESCRIPTION NOTE |
| Source of description note |
Description based on print version record. |
| 590 ## - LOCAL NOTE (RLIN) |
| Local note |
KU Open Services |
| 650 #7 - SUBJECT ADDED ENTRY--TOPICAL TERM |
| Topical term or geographic name entry element |
Social Science / Media Studies |
| Source of heading or term |
bisacsh |
| 650 #0 - SUBJECT ADDED ENTRY--TOPICAL TERM |
| Topical term or geographic name entry element |
Social sciences |
| 655 #0 - INDEX TERM--GENRE/FORM |
| Genre/form data or focus term |
Electronic books. |
| 700 1# - ADDED ENTRY--PERSONAL NAME |
| Personal name |
Alker-Windbichler, Stefan |
| Relator term |
editor. |
| 700 1# - ADDED ENTRY--PERSONAL NAME |
| Personal name |
Feigl, Claudia |
| Relator term |
editor. |
| 758 ## - |
| -- |
Is found in: |
| -- |
Knowledge Unlatched |
| -- |
https://openresearchlibrary.org/module/2774bc74-146a-484f-a7ba-ab1d6a09bbfb |
| 856 40 - ELECTRONIC LOCATION AND ACCESS |
| Uniform Resource Identifier |
<a href="https://openresearchlibrary.org/content/2cc0a1ed-f684-4cb0-a849-4513fad627a7">https://openresearchlibrary.org/content/2cc0a1ed-f684-4cb0-a849-4513fad627a7</a> |
| Public note |
View this content on Open Research Library. |
| -- |
0 |